Dortmund spieler - Statistiken

Allgemein
  • Dieses Quiz wurde 115 mal gespielt
  • Das Durchschnittsergebnis liegt bei 9 aus 16
Answers on the Grid
Answers color-coded by a green-red scale on the quiz's grid according to % correct below.
Bartra
Passlack
Hoffmann
Schwolow
Duksch
Günter
Boyd
Bakalorz
Schick
Güler
Platte
Karaman
Stenzel
Ramos
Cerki
Glatzel
Toprak
Uzun
Torres
Beste
Moussa dembele
Phillip
Golz
Yarmolenko
Schürrle
Weiland
Castro
Bruun Larsen
Tah
Zidan
 
Antwortstatistiken
Antwort % Korrekt
Bartra
90%
Passlack
87%
Schürrle
78%
Bruun Larsen
71%
Toprak
67%
Castro
62%
Yarmolenko
62%
Duksch
59%
Phillip
59%
Hoffmann
58%
Zidan
44%
Ramos
35%
Bakalorz
32%
Stenzel
24%
Beste
21%
Boyd
10%
Keine übereinstimmenden Quizze gefunden
Verteilung der Resultate
Anzahl Personen mit jedem Resultat
Perzentil nach korrekt beantworteten Fragen
Ihre Resultats-Entwicklung
Sie haben dieses Quiz noch nicht gespielt